[Event "Titled Tue 7th Jan Late"]
[Site "chess.com INT"]
[Date "2025.01.07"]
[Round "2"]
[White "Domingo Nunez,Alejandro"]
[Black "Wei Yi"]
[Result "0-1"]
[WhiteElo "2316"]
[BlackElo "2751"]

1.e4 g6 2.d4 Bg7 3.Nc3 a6 4.Be3 b5 5.Qd2 Bb7 6.f3 d6 7.h4 h6 8.Nh3 Nd7 9.O-O-O Ngf6
10.g4 e5 11.g5 hxg5 12.hxg5 Nh5 13.Be2 Ng3 14.Rh2 Nb6 15.dxe5 Bxe5 16.f4 Bxc3
17.Qxc3 Nxe2+ 18.Rxe2 Rxh3 19.Qg7 Qe7 20.Bxb6 cxb6 21.e5 O-O-O 22.e6 Bf3  0-1

[Event "Titled Tue 7th Jan Late"]
[Site "chess.com INT"]
[Date "2025.01.07"]
[Round "3"]
[White "Wei Yi"]
[Black "Haddouche,M"]
[Result "1-0"]
[WhiteElo "2751"]
[BlackElo "2490"]

1.b3 Nf6 2.Bb2 g6 3.g3 Bg7 4.Bg2 O-O 5.c4 d6 6.Nf3 e5 7.O-O c5 8.Nc3 Nc6
9.d3 h6 10.Nd2 Be6 11.Nde4 Nh5 12.Nb5 f5 13.Nexd6 Qd7 14.Bd5 a6 15.Nxb7 Bxd5
16.Nxc5 Qe7 17.cxd5 Qxc5 18.Nc7 Nd4 19.Nxa8 Rxa8 20.e3 Nb5 21.e4 Nd4 22.Rc1 Qd6
23.Bxd4 exd4 24.Rc6 Qe7 25.Rxg6 Nf6 26.exf5 Re8 27.Qf3 Qe5 28.Rc1 Re7 29.Rc6 Kf7
30.Re6 Rxe6 31.dxe6+ Ke7 32.Rxg7+  1-0

[Event "Titled Tue 7th Jan Late"]
[Site "chess.com INT"]
[Date "2025.01.07"]
[Round "4"]
[White "Galaktionov,Artem"]
[Black "Wei Yi"]
[Result "0-1"]
[WhiteElo "2337"]
[BlackElo "2751"]

1.d4 Nc6 2.c4 Nf6 3.Nc3 d5 4.cxd5 Nxd5 5.e4 Nxc3 6.bxc3 e5 7.d5 Na5 8.Nf3 Bd6
9.Bd3 O-O 10.O-O Bg4 11.h3 Bh5 12.c4 b6 13.g4 Bg6 14.Bb2 Qe7 15.Kg2 Nb7 16.Qe2 Nc5
17.Bc2 Nd7 18.Rg1 Ba3 19.Bc3 Bb4 20.Bb2 Ba3 21.Bc3 Rac8 22.Ba4 Nc5 23.Bc2 Nd7
24.Ba4 Nf6 25.Bc2 Bd6 26.Nh4 c6 27.Nxg6 fxg6 28.Bb2 cxd5 29.cxd5 g5 30.Bd3 Ba3
31.Rac1 Bxb2 32.Qxb2 Nd7 33.Rxc8 Rxc8 34.Rc1 Nc5 35.Be2 Qd6 36.f3 h6 37.Qb5 Kh7
38.Rc4 Qf6 39.Qb2 Qf4 40.Qc1 Qf6 41.Rc2 Rf8 42.a3 Qg6 43.Qe3 h5 44.Rc4 h4
45.Rc2 Kh6 46.Rc4 Qd6 47.Qc3 Kg6 48.Qe3 Qf6 49.Rc2 Rc8 50.Bb5 Qd6 51.Qd2 Rf8
52.Be2 Rf4 53.Qe3 Qf6 54.Rc1 Qf8 55.Bb5 Rf6 56.a4 a5 57.Rd1 Rd6 58.Rc1 Qe7
59.Rc4 Rf6 60.Rc2 Qd6 61.Rc1 Rf8 62.Rc2 Kh6 63.Rc4 g6 64.Rc2 Rd8 65.Rc4 Qf6
66.Rc2 Kg7 67.Rc4 Kf7 68.Rc2 Ke7 69.Rc4 Kd6 70.Rc2 Qf4 71.Qxf4 gxf4 72.g5 Rh8
73.Kf2 Rh5 74.Be8 Rxg5 75.Rb2 Nd3+  0-1

[Event "Titled Tue 7th Jan Late"]
[Site "chess.com INT"]
[Date "2025.01.07"]
[Round "5"]
[White "Wei Yi"]
[Black "Perez Ponsa,F"]
[Result "1/2-1/2"]
[WhiteElo "2751"]
[BlackElo "2528"]

1.b3 e5 2.Bb2 Nc6 3.e3 Nf6 4.Bb5 e4 5.Ne2 a6 6.Bxc6 dxc6 7.d3 Bf5 8.d4 h5
9.h3 h4 10.c4 Rh6 11.Nbc3 Bd6 12.f4 exf3 13.gxf3 Qd7 14.e4 Bxh3 15.e5 Bg2
16.Rh2 h3 17.Qd2 Nh5 18.exd6 Qxd6 19.f4 Nf6 20.Qe3+ Qe6 21.Qxe6+ fxe6 22.Kd2 Ng4
23.Rxg2 hxg2 24.Rg1 Rh2 25.Ne4 O-O-O 26.Ng5 c5 27.Nxe6 Re8 28.Nxg7 Rg8 29.Nf5 Kb8
30.Ne3 Nf2 31.dxc5 Nh3 32.Rxg2 Rhxg2 33.Nxg2 Rxg2 34.Ke3 Nxf4 35.Nxf4 Rxb2
36.Nd3 Rxa2 37.Kd4 Rc2 38.b4 c6 39.Nf4 Kc7 40.Ne6+ Kd7 41.Nf4 Rh2 42.Kc3 Rh4
43.Nd3 Ke6 44.Nc1 Ke5 45.Nb3 Rh3+ 46.Kc2 Ke4 47.Na5 Rh7 48.Kc3 Rh3+ 49.Kc2 Kd4
50.Kb2 Rh7 51.Kc2 Rh2+ 52.Kb3 Rh3+ 53.Kb2 Rc3 54.Nxb7 Rxc4 55.Kb3 Rc3+ 56.Ka4 Rc1
57.Ka5 Ra1+ 58.Kb6 Ra4 59.Kxc6 Rxb4 60.Nd8 a5 61.Kd6 Rc4 62.c6 a4 63.Ne6+ Kc3
64.Nc5 Kb4 65.Nxa4 Kxa4 66.c7 Kb5 67.Kd7 Rd4+ 68.Ke7 Re4+ 69.Kd8 Rd4+ 70.Ke8 Re4+
71.Kd8 Rd4+ 72.Ke8 Rc4 73.Kd7 Kb6 74.c8=R Rxc8 75.Kxc8  1/2-1/2

[Event "Titled Tue 7th Jan Late"]
[Site "chess.com INT"]
[Date "2025.01.07"]
[Round "6"]
[White "Wei Yi"]
[Black "Kravtsiv,M"]
[Result "0-1"]
[WhiteElo "2751"]
[BlackElo "2598"]

1.b3 Nf6 2.Bb2 d5 3.e3 Bf5 4.Be2 e6 5.g4 Be4 6.f3 Nxg4 7.h4 Bd6 8.Rh3 Bg3+
9.Kf1 Nf2 10.Qe1 Nxh3 11.Qxg3 Nxg1 12.Qxg7 Rf8 13.Ba3 Nd7 14.Kxg1 Bxc2 15.Bxf8 Nxf8
16.Nc3 Qxh4 17.Nb5 Ng6 18.Bf1 Qg3+ 19.Bg2 Bf5 20.Rf1 O-O-O 21.Nd4 Bh3 22.Rf2 Bxg2
23.Rxg2 Qe1+ 24.Kh2 Qh4+ 25.Kg1 c5 26.Nb5 a6 27.Nc3 d4 28.exd4 Qxd4+ 29.Qxd4 Rxd4
30.Ne4 b6 31.Rh2 Ne5 32.Kf2 f5 33.Rh5 Nd3+ 34.Ke3 fxe4 35.fxe4 Nc1 36.Rxh7 e5
37.Re7 Rd3+  0-1

[Event "Titled Tue 7th Jan Late"]
[Site "chess.com INT"]
[Date "2025.01.07"]
[Round "7"]
[White "Koellner,Ruben Gideon"]
[Black "Wei Yi"]
[Result "0-1"]
[WhiteElo "2484"]
[BlackElo "2751"]

1.d4 Nc6 2.Nf3 Nf6 3.d5 Nb4 4.c4 c6 5.a3 Na6 6.Nc3 cxd5 7.cxd5 d6 8.e4 Nc5
9.Nd2 a5 10.Bb5+ Bd7 11.Qe2 g6 12.O-O Bg7 13.Bxd7+ Nfxd7 14.Nb5 O-O 15.Rb1 a4
16.b4 axb3 17.Nxb3 Nxb3 18.Rxb3 Nc5 19.Rb1 Ra4 20.f3 Qa5 21.Bd2 Qa6 22.Be3 Rxa3
23.Bxc5 dxc5 24.Qc2 Ra2 25.Qxc5 h5 26.Qxe7 Rc8 27.Kh1 Bf8 28.Qg5 Rcc2 29.d6 Bxd6
30.Nxd6 Qxd6 31.Rxb7 Rf2 32.Rbb1 Qd3 33.Rg1 Qxf3 34.Rb8+ Kh7 35.Qe5 Qf6 36.Qxf6 Rxf6
37.Re8 Rff2 38.h3 h4 39.e5 Rae2 40.Re7 Kh6 41.Re8 Kg5 42.Kh2 f5 43.e6 f4
44.Kh1 Kf6 45.e7 g5 46.Ra8 Kxe7 47.Ra6 f3 48.Ra7+ Kf6 49.Ra6+ Kf5 50.Ra5+ Kg6
51.Ra6+ Kh5 52.Ra3 Rxg2 53.Rxg2 fxg2+ 54.Kg1 g4  0-1

[Event "Titled Tue 7th Jan Late"]
[Site "chess.com INT"]
[Date "2025.01.07"]
[Round "8"]
[White "Wei Yi"]
[Black "Abasov,N"]
[Result "0-1"]
[WhiteElo "2751"]
[BlackElo "2615"]

1.b3 e5 2.Bb2 Nc6 3.e3 Nf6 4.Bb5 Bd6 5.Ne2 O-O 6.O-O a6 7.Bxc6 dxc6 8.d3 Re8
9.Nd2 b5 10.e4 Nh5 11.Qe1 Qg5 12.Kh1 Qh6 13.g3 Nf6 14.f4 Ng4 15.Nf3 f5 16.fxe5 fxe4
17.Bc1 exf3 18.Bxh6 fxe2 19.Qxe2 Rxe5 20.Qf3 Be6 21.c4 Nxh6 22.Qxc6 Rd8 23.Rae1 Ng4
24.Rxe5 Nxe5 25.Qxa6 bxc4 26.dxc4 Bd7 27.Kg2 Bc6+ 28.Kh3 Bd7+ 29.Kg2 Bc6+
30.Kf2 Bc5+ 31.Ke2 Re8 32.Kd2 Bb4+ 33.Kc1 Nd3+ 34.Kd1 Nb2+ 35.Kc1 Nd3+ 36.Kb1 Be4
37.Qb5 c6 38.Qg5 Bg6 39.a3 Bxa3 40.Kc2 Nc5+ 41.Kd1 Ne4  0-1

[Event "Titled Tue 7th Jan Late"]
[Site "chess.com INT"]
[Date "2025.01.07"]
[Round "9"]
[White "Sztokbant,B"]
[Black "Wei Yi"]
[Result "0-1"]
[WhiteElo "2213"]
[BlackElo "2751"]

1.e4 Nc6 2.Nf3 Nf6 3.Nc3 d5 4.exd5 Nxd5 5.Bb5 Bg4 6.h3 Bh5 7.O-O e6 8.d4 Nxc3
9.bxc3 Bd6 10.Re1 O-O 11.Qd3 Bg6 12.Qe2 Bh5 13.Qd3 a6 14.Ba4 Na5 15.Ne5 b5
16.Bb3 c5 17.dxc5 Bxe5 18.Rxe5 Bg6 19.Qxd8 Rfxd8 20.Be3 h6 21.Bd4 Nc6 22.Re2 Nxd4
23.cxd4 Rxd4 24.a4 b4 25.a5 Rc8 26.Re5 Rc7 27.Ra4 Kf8 28.Kh2 Rd2 29.Rxb4 Rxf2
30.Kg3 Rd2 31.Rb6 Bxc2 32.Bxc2 Rxc2 33.Rxa6 R7xc5 34.Rxc5 Rxc5 35.Ra8+ Ke7
36.a6 Ra5 37.Kf3 Ra3+ 38.Ke4 h5 39.Kd4 Kd6 40.a7 Ra4+ 41.Kc3 Ke7 42.Kb3 Ra1
43.Kb4 e5 44.Kb5 e4 45.Kb6 e3 46.Rc8 e2 47.Rc1 Rxc1 48.a8=Q e1=Q 49.Qb7+ Kf8
50.Qb8+ Qe8 51.Qd6+ Kg8  0-1

[Event "Titled Tue 7th Jan Late"]
[Site "chess.com INT"]
[Date "2025.01.07"]
[Round "10"]
[White "Wei Yi"]
[Black "Svane,R"]
[Result "1-0"]
[WhiteElo "2751"]
[BlackElo "2624"]

1.b3 d5 2.Bb2 Nf6 3.Nf3 Bf5 4.Nh4 Bd7 5.e3 g6 6.c4 dxc4 7.Bxc4 Bg7 8.O-O c5
9.Nf3 Nc6 10.d4 cxd4 11.Nxd4 O-O 12.Nd2 Qa5 13.a3 Rac8 14.b4 Qc7 15.Rc1 Qb8
16.N4f3 Bg4 17.h3 Bxf3 18.Nxf3 a6 19.Qb3 e6 20.Ng5 Rce8 21.Bxe6 fxe6 22.Nxe6 Rf7
23.Ng5 Qc7 24.Rfd1 h6 25.Nxf7 Qxf7 26.Qc2 Ne4 27.Bxg7 Kxg7 28.Rd3 Re7 29.Rcd1 Ne5
30.Rd4 Nf6 31.Qb2 g5 32.b5 axb5 33.Qxb5 Nc6 34.Rd6 Ne4 35.Qb2+ Kh7 36.R6d5 Qg6
37.Qc2 Nf6 38.R5d3 Ne4 39.Rd7 Rxd7 40.Rxd7+ Kg8 41.Rxb7  1-0

[Event "Titled Tue 7th Jan Late"]
[Site "chess.com INT"]
[Date "2025.01.07"]
[Round "11"]
[White "Ilinca,Felix-Antonio"]
[Black "Wei Yi"]
[Result "0-1"]
[WhiteElo "2440"]
[BlackElo "2751"]

1.d4 Nc6 2.Nc3 d5 3.Bf4 Bf5 4.e3 e6 5.Bd3 Bg6 6.Nf3 Bd6 7.Bg3 Nge7 8.a3 a6
9.O-O Nf5 10.Bxd6 cxd6 11.Ne2 e5 12.dxe5 dxe5 13.e4 Ne3 14.fxe3 dxe4 15.Bc4 exf3
16.Rxf3 Qb6 17.Bb3 Rd8 18.Qe1 O-O 19.Nc3 Ne7 20.Kh1 Rd7 21.Qf2 Kh8 22.Rf1 f6
23.Qh4 Rfd8 24.h3 Rd2 25.Ne4 Bxe4 26.Qxe4 Qc6 27.Qh4 Nf5 28.Qg4 Nh6 29.Qg3 Qe4
30.R3f2 Rd1 31.Rxd1 Rxd1+ 32.Kh2 Nf5 33.Qf3 Qxf3 34.Rxf3 Nd6 35.Rf2 h5 36.c3 Rc1
37.Bd5 Re1 38.Rd2 Rxe3 39.Bf3 e4 40.Bxh5 Nc4 41.Rd7 Kh7 42.Rxb7 Re1 43.Kg3 e3
44.Bf3 Nd2 45.Re7 Kh6 46.h4 g5 47.hxg5+ Kxg5 48.Bd5 f5 49.c4 f4+ 50.Kh2 Nf1+
51.Kh3 Ng3 52.Rg7+ Kf5 53.Rxg3 Rh1+  0-1

[Event "Bundesliga 2024-25"]
[Site "St. Pauli GER"]
[Date "2025.01.11"]
[Round "5.4"]
[White "Wei Yi"]
[Black "Ivic,Velimir"]
[Result "1-0"]
[WhiteElo "2762"]
[BlackElo "2599"]

1.e4 e5 2.Nf3 Nf6 3.Nxe5 d6 4.Nf3 Nxe4 5.Nc3 Nxc3 6.dxc3 Be7 7.Bf4 O-O 8.Qd2 Nd7
9.O-O-O Re8 10.h4 h6 11.g4 Nc5 12.g5 Bg4 13.Bg2 h5 14.Rde1 Qd7 15.Nd4 Bf8
16.b4 Qa4 17.Kb1 a5 18.bxc5 dxc5 19.Nb3 Rad8 20.Qc1 c4 21.Bxc7 cxb3 22.axb3 Qb5
23.Bxd8 Rxd8 24.Qf4 Bd6 25.Qc4 Qxc4 26.bxc4 Bc5 27.Bd5 Kf8 28.f3 Bc8 29.Rd1 g6
30.Ka2 b6 31.Bc6 Rxd1 32.Rxd1 Be6 33.Kb3 Bf2 34.Bd5 Bf5 35.Rh1 Ke7 36.Rh2 Bg3
37.Rh1 Bf2 38.Bc6 Kd6 39.Bb7 Ke7 40.Bd5 Bd7 41.Rh2 Bg3 42.Re2+ Kf8 43.Re4 Bd6
44.Rd4 Bc5 45.Rd2 Bh3 46.Bc6 f6 47.f4 Bf5 48.Bd7 Be4 49.Be6 fxg5 50.fxg5 Bc6
51.Bd7 Bf3 52.Ka4 Ke7 53.Kb5 Bb7 54.Bh3 Bf3 55.Rd7+ Kf8 56.Be6 Be4 57.Rf7+ Ke8
58.Rf6 Ke7 59.Bf7 Bf5 60.Bxg6 Bd7+ 61.Ka6 a4 62.Bf5 Be8 63.Re6+ Kf8 64.g6 a3
65.g7+ Kxg7 66.Rxe8 a2 67.Re1  1-0

[Event "Bundesliga 2024-25"]
[Site "St. Pauli GER"]
[Date "2025.01.12"]
[Round "6.4"]
[White "Carlsen,M"]
[Black "Wei Yi"]
[Result "1/2-1/2"]
[WhiteElo "2832"]
[BlackElo "2762"]

1.e4 c5 2.Nf3 d6 3.d4 cxd4 4.Nxd4 Nf6 5.Nc3 a6 6.a4 e5 7.Nf3 Be7 8.Bg5 Be6
9.Bxf6 Bxf6 10.Nd5 Nd7 11.Bc4 Rc8 12.Qd3 Nb6 13.Nxf6+ Qxf6 14.Bxe6 Qxe6 15.O-O O-O
16.Rfd1 Rc6 17.b3 Nd7 18.c4 Nc5 19.Qe3 f5 20.exf5 Qxf5 21.Ra2 Rb6 22.Rb2 Nxa4
23.Rbd2 Nc5 24.Rxd6 Rxd6 25.Rxd6 Qb1+ 26.Ne1 e4 27.Kf1 Nxb3 28.Rb6 Nd2+ 29.Kg1 Qa2
30.Rxb7 Nxc4 31.Qd4 Ne5 32.h3 Qe6 33.Qxe4 Qc6 34.Qb4 h6 35.Qb2 Qe4 36.Nd3  1/2-1/2

[Event "Titled Tue 14th Jan Early"]
[Site "chess.com INT"]
[Date "2025.01.14"]
[Round "1"]
[White "Fieberg,Samuel"]
[Black "Wei Yi"]
[Result "0-1"]
[WhiteElo "2186"]
[BlackElo "2751"]

1.e4 Nc6 2.Nf3 Nf6 3.e5 Nd5 4.d4 d6 5.exd6 exd6 6.c3 Be7 7.Bd3 Bg4 8.O-O O-O
9.Nbd2 Nf4 10.Bb1 d5 11.Nb3 Bd6 12.Bxf4 Bxf4 13.h3 Bh5 14.Nc5 b6 15.Nd3 Bd6
16.g4 Bg6 17.Qd2 Be4 18.Nde5 Ne7 19.Bxe4 dxe4 20.Ng5 Bxe5 21.Nxe4 f5  0-1

[Event "Titled Tue 14th Jan Early"]
[Site "chess.com INT"]
[Date "2025.01.14"]
[Round "2"]
[White "Wei Yi"]
[Black "Przybylski,W"]
[Result "1-0"]
[WhiteElo "2751"]
[BlackElo "2335"]

1.b3 e5 2.Bb2 Nc6 3.e3 Nf6 4.Bb5 Bd6 5.Ne2 O-O 6.O-O a6 7.Bxc6 dxc6 8.d3 Re8
9.e4 c5 10.Nd2 b5 11.Kh1 Ng4 12.h3 Nh6 13.f4 f6 14.f5 Bb7 15.c4 Nf7 16.Nf3 Bf8
17.Qd2 Qd7 18.Rad1 Rad8 19.Qe3 Qc6 20.g4 Qb6 21.Rd2 Rd7 22.Kh2 Red8 23.h4 Be7
24.Bc3 Qd6 25.Kg3 h6 26.Rfd1 Rb8 27.Neg1 Kf8 28.Nh3 Ke8 29.Rg2 Rdd8 30.g5 hxg5
31.hxg5 Kd7 32.g6 Nh6 33.Nf2 Rh8 34.Rh2 b4 35.Bb2 Rhg8 36.Rxh6 gxh6 37.Rh1 Bf8
38.Ng4 Bc6 39.Nfxe5+ Kc8 40.Kf2 fxe5 41.Bxe5 Qe7 42.Bf4 Kb7 43.Nxh6 Bxh6
44.Rxh6 Rbf8 45.Rh7 Qf6 46.Qxc5 Rc8 47.Qxb4+ Ka7 48.Qc5+ Kb7 49.Qb4+ Ka8
50.Ke3 Bb7 51.Qc5 Qb6 52.Qxb6 cxb6 53.e5 Rcf8 54.Rf7 Bc8 55.Rxf8 Rxf8 56.f6 Be6
57.d4 Kb7 58.d5 Bg8 59.Bh6 Re8 60.Kf4 Rd8 61.e6 Kc7 62.f7 Kd6 63.g7 Ke7 64.f8=Q+ Rxf8+
65.gxf8=Q+  1-0

[Event "Titled Tue 14th Jan Early"]
[Site "chess.com INT"]
[Date "2025.01.14"]
[Round "3"]
[White "Melikyan,Gnel"]
[Black "Wei Yi"]
[Result "0-1"]
[WhiteElo "2239"]
[BlackElo "2751"]

1.e4 Nc6 2.Nf3 d6 3.d4 Nf6 4.Nc3 g6 5.Bb5 a6 6.Bxc6+ bxc6 7.e5 Nd5 8.O-O Bg7
9.Nxd5 cxd5 10.Bf4 O-O 11.h3 Rb8 12.b3 h6 13.Qd2 g5 14.Bh2 Bf5 15.Qa5 Bxc2
16.Qxa6 Be4 17.Nd2 Bf5 18.Rfc1 Rb4 19.Nf3 Be4 20.Qa5 Rb6 21.Nd2 Bf5 22.Qxd5 e6
23.Qc4 dxe5 24.Nf3 e4 25.Bxc7 Qa8 26.Ne5 Rb7 27.Bd6 Rd8 28.Qc6 Qa7 29.Bc5 Qb8
30.Nc4 Bxd4 31.Bxd4 Rxd4 32.Ne3 Bg6 33.Qc8+ Qxc8 34.Rxc8+ Kg7 35.Rc2 f5 36.Nc4 Kf6
37.Kf1 f4 38.Ke1 Rd5 39.Rd2 Rd3 40.Rxd3 exd3 41.Kd2 e5 42.f3 Rb8 43.Re1 Rb5
44.Kc3 Rd5 45.a4 d2 46.Rd1 Rd3+ 47.Kb2 e4 48.fxe4 Bxe4 49.Rxd2 Rxd2+ 50.Nxd2 Bxg2
51.Kc3 Bxh3 52.Kd4 Bg2 53.b4 h5 54.b5 h4 55.b6 h3 56.Nf1 g4 57.a5 g3 58.a6 Bxf1
59.b7 g2 60.b8=Q g1=Q+ 61.Ke4 Qe3+ 62.Kd5 Qd3+ 63.Kc5 Qc4+ 64.Kd6 Qxa6+ 65.Kd5 Qb5+  0-1

[Event "Titled Tue 14th Jan Early"]
[Site "chess.com INT"]
[Date "2025.01.14"]
[Round "4"]
[White "Wei Yi"]
[Black "Sonis,Francesco"]
[Result "1-0"]
[WhiteElo "2751"]
[BlackElo "2565"]

1.b3 e6 2.Bb2 Nf6 3.e3 b6 4.f4 Bb7 5.Nf3 Be7 6.Rg1 d5 7.g4 Bf8 8.g5 Nfd7
9.c4 c5 10.cxd5 Bxd5 11.Nc3 Bb7 12.Bc4 a6 13.a4 Nc6 14.Qe2 Na5 15.O-O-O Qc7
16.h4 Nxc4 17.bxc4 Be7 18.h5 O-O-O 19.Kb1 Rhg8 20.g6 hxg6 21.hxg6 f5 22.d3 Bf6
23.Ng5 Rde8 24.Nf7 e5 25.Qf2 exf4 26.Qxf4 Qxf4 27.exf4 Kc7 28.Nd5+ Bxd5 29.cxd5 Bxb2
30.Kxb2 Nf6 31.d6+ Kc6 32.Rde1 Rxe1 33.Rxe1 Re8 34.Re5 b5 35.Rxf5 Re2+ 36.Kb3 bxa4+
37.Kxa4 Nd7 38.Kb3 Nb6 39.Re5 Rd2 40.Kc3 Rf2 41.f5 a5 42.Re6 Kb5 43.d7 Nd5+
44.Kb3 a4+ 45.Ka3 Rd2 46.d8=Q Rxd3+ 47.Kb2 a3+ 48.Kc1 a2 49.Qb8+ Kc4 50.Ne5+ Kc3
51.Qb2+  1-0

[Event "Titled Tue 14th Jan Early"]
[Site "chess.com INT"]
[Date "2025.01.14"]
[Round "5"]
[White "Maksimovic,Bojan"]
[Black "Wei Yi"]
[Result "1/2-1/2"]
[WhiteElo "2505"]
[BlackElo "2751"]

1.c4 Nc6 2.Nc3 Nf6 3.Nf3 e5 4.g3 Bb4 5.Nd5 e4 6.Nh4 d6 7.Bg2 g5 8.Qa4 Ba5
9.Nxf6+ Qxf6 10.Bxe4 Bd7 11.Nf3 O-O-O 12.O-O g4 13.Nh4 Bb6 14.d3 Rde8 15.e3 Rxe4
16.dxe4 Nd4 17.Qd1 Nf3+ 18.Nxf3 gxf3 19.Rb1 h5 20.b3 Qh6 21.Qxf3 h4 22.g4 h3
23.Kh1 Re8 24.Qg3 Rxe4 25.f3 Bc6 26.Rb2 Bxe3 27.Re2 Qe6 28.Bxe3 Rxg4 29.Qf2 Rg2
30.Qe1 Qg4 31.Bf4 Rg1+ 32.Rxg1 Bxf3+ 33.Rgg2 hxg2+ 34.Kg1 Bxe2 35.Bg3 b6
36.Kxg2 Bf3+ 37.Kf2 Bc6 38.Qe3 Qf5+ 39.Ke1 Kb7 40.a4 Qb1+ 41.Kf2 Qc2+ 42.Ke1 Be4
43.h4 f5 44.h5 Qg2 45.h6 Qh1+ 46.Kd2 Qh5 47.Bf4 a5 48.Kc1 Kc6 49.Kd2 Qh1
50.Ke2 Qg2+ 51.Ke1 Qh1+ 52.Ke2 Qh4 53.Kd2 Qh5 54.Qg3 Qg4 55.Qxg4 fxg4 56.Ke3 Bf5
57.Kd4 Kd7 58.Bg3 Ke6 59.Bh4 Bc2 60.Kc3 Bg6 61.Kd4 Kd7 62.Ke3 c5 63.Kf4 Bc2
64.Kxg4 Ke6 65.Bd8 Kf7 66.Bxb6 Bxb3 67.Bxa5 Bxc4 68.Bc7 d5 69.Bb6 Be2+ 70.Kf4 c4
71.Bd4 Kg6 72.Bg7 d4 73.Bxd4 Kxh6 74.Bc3 Bf1 75.Kf3 Bh3 76.a5 Bc8 77.Ke4 Kg6
78.Kd5 Kf7 79.Kd6 Ke8 80.Kc7 Ba6 81.Kb6 Bc8 82.a6 Be6 83.Kc6 Bh3 84.a7 Kf7
85.Kc5 Bg2 86.Kxc4 Ke6 87.Bd4 Kd7 88.Kc3 Kc8 89.Be3 Kb7 90.Kd2 Ka8 91.Ke1 Bf3
92.Kf2 Be4 93.Kg3 Bd5 94.Kh4 Bc6 95.Kg5 Bb7 96.Kf6 Bc6 97.Kg7 Bb7 98.Kf8 Bc6
99.Bd4 Bb7 100.Ke7 Bc6 101.Kf6 Bb7 102.Kg5 Bc6 103.Kf4 Bb7 104.Ke3 Bc6 105.Kd2 Bb7
106.Kc3 Bc6 107.Kb2 Bb7 108.Ka3 Bc6 109.Bc5 Bb7 110.Kb4 Bc6 111.Kb3 Bb7 112.Kc2 Bc6
113.Kc1 Bb7 114.Kd1 Bc6 115.Ke1 Bb7 116.Kf2 Bc6 117.Kg3 Bb7 118.Kh4 Bc6 119.Kg5 Bb7
120.Kg4 Bc6 121.Kf4 Bb7 122.Kf5 Bc6 123.Kf6 Bb7 124.Ke6 Bc6 125.Ke7 Bb7 126.Kd8 Bc6
127.Kc7 Bb7 128.Kb6 Bc6 129.Kxc6  1/2-1/2

[Event "Titled Tue 14th Jan Early"]
[Site "chess.com INT"]
[Date "2025.01.14"]
[Round "6"]
[White "Wei Yi"]
[Black "Perez Ponsa,F"]
[Result "0-1"]
[WhiteElo "2751"]
[BlackElo "2528"]

1.Nf3 Nf6 2.b3 g6 3.Bb2 Bg7 4.g3 O-O 5.Bg2 c5 6.c4 d6 7.d4 Ne4 8.O-O Nc6
9.e3 Bd7 10.Nc3 Nxc3 11.Bxc3 cxd4 12.exd4 Bg4 13.h3 Bxf3 14.Bxf3 Qb6 15.Bxc6 bxc6
16.Rc1 e6 17.Re1 d5 18.c5 Qb7 19.b4 Rfe8 20.Rb1 Qb5 21.Qa4  0-1

[Event "Titled Tue 14th Jan Early"]
[Site "chess.com INT"]
[Date "2025.01.14"]
[Round "7"]
[White "Abdurakhmonov,Mukhammadali"]
[Black "Wei Yi"]
[Result "0-1"]
[WhiteElo "2396"]
[BlackElo "2751"]

1.d4 Nc6 2.d5 Ne5 3.e4 d6 4.c4 Nf6 5.Nc3 c6 6.Be2 Qa5 7.Qc2 cxd5 8.cxd5 Bd7
9.f4 Ng6 10.Nf3 Qb6 11.Qd2 Rc8 12.Bd3 e6 13.dxe6 fxe6 14.Qe3 Rc5 15.h3 Be7
16.Qf2 O-O 17.Be3 d5 18.exd5 Nxd5 19.Nxd5 exd5 20.f5 Bxf5 21.Bxf5 Rxf5 22.Bxc5 Bxc5
23.Qc2 Rf4 24.Rd1 Nh4 25.Rd3 Nf5 26.Qe2 Re4  0-1

[Event "Titled Tue 14th Jan Early"]
[Site "chess.com INT"]
[Date "2025.01.14"]
[Round "8"]
[White "Wei Yi"]
[Black "Harsh,Suresh"]
[Result "1-0"]
[WhiteElo "2751"]
[BlackElo "2414"]

1.b3 a6 2.Bb2 d5 3.e3 c5 4.Nf3 Nc6 5.g3 Bf5 6.Bg2 e6 7.d3 h6 8.Nbd2 Nf6 9.O-O Be7
10.Qe2 O-O 11.Rfd1 Bh7 12.a3 Qc7 13.c4 Rfd8 14.cxd5 Nxd5 15.Rac1 Rac8 16.Ne4 Qb6
17.Nfd2 Na5 18.Nc4 Nxc4 19.bxc4 Bxe4 20.Bxe4 Nf6 21.Bxf6 Bxf6 22.Rb1 Qa5
23.Rxb7 Rb8 24.Rdb1 Rxb7 25.Rxb7 Qxa3 26.h4 a5 27.Qh5 Rf8 28.g4 Qa1+ 29.Kg2 g6
30.Bxg6 fxg6 31.Qxg6+ Bg7 32.d4 Rxf2+ 33.Kxf2 Qb2+ 34.Rxb2  1-0

[Event "Titled Tue 14th Jan Early"]
[Site "chess.com INT"]
[Date "2025.01.14"]
[Round "9"]
[White "Matlakov,M"]
[Black "Wei Yi"]
[Result "0-1"]
[WhiteElo "2623"]
[BlackElo "2751"]

1.Nf3 d6 2.g3 e5 3.Bg2 c5 4.O-O Nc6 5.c4 g6 6.Nc3 Bg7 7.a3 Nge7 8.Rb1 a5
9.Ne1 Be6 10.Nd5 O-O 11.Nc2 Rb8 12.b4 cxb4 13.axb4 b5 14.bxa5 bxc4 15.Nxe7+ Nxe7
16.Ba3 Qd7 17.a6 d5 18.Bc5 Qc7 19.Rxb8 Rxb8 20.a7 Ra8 21.Bxe7 Qxe7 22.Ne3 e4
23.d3 exd3 24.exd3 c3 25.Nxd5 Bxd5 26.Bxd5 Rxa7 27.Qf3 Bd4 28.Rc1 Kg7 29.Kg2 Qc5
30.Rc2 f5 31.Bc4 h5 32.h4 Re7 33.Bd5 Re8 34.Bc4 Rb8 35.Re2 Rb2 36.Rxb2 cxb2
37.Qb7+ Kh6 38.Bg8 Bg7 39.Bc4 Qd4 40.Qb5 Qc3 41.Ba2 Qa3 42.Qc4 Qa8+ 43.Kh2 Qf3
44.Qc2 Bd4 45.Qd2+ Kh7 46.Qb4 Qxf2+ 47.Kh3 Qf1+ 48.Kh2 Qg1+ 49.Kh3 Qh1+  0-1

[Event "Titled Tue 14th Jan Early"]
[Site "chess.com INT"]
[Date "2025.01.14"]
[Round "10"]
[White "Wei Yi"]
[Black "Demchenko,A"]
[Result "0-1"]
[WhiteElo "2751"]
[BlackElo "2619"]

1.e4 e5 2.Nc3 Nc6 3.f4 exf4 4.Nf3 Nf6 5.d4 Bb4 6.Bd3 d5 7.exd5 Nxd5 8.O-O Ne3
9.Bxe3 fxe3 10.Ne4 O-O 11.Nfg5 h6 12.Qh5 Qxd4 13.Nf6+ Kh8 14.Kh1 e2 15.Qxe2 Qe5
16.Nfe4 f5 17.Nf3 Qe8 18.Nh4 Be6 19.c3 Be7 20.Nf3 fxe4 21.Bxe4 Bf5 22.Bd5 Bd6
23.Qb5 Ne7 24.Qxb7 Nxd5 25.Qxd5 Be4 26.Qd1 Bxf3 27.Rxf3 Qe5 28.Rh3 Rae8 29.a4 Rf2
30.Qg1 Qe2 31.Rb1 Ref8  0-1

[Event "Titled Tue 14th Jan Early"]
[Site "chess.com INT"]
[Date "2025.01.14"]
[Round "11"]
[White "Wei Yi"]
[Black "Suyarov,Mukhammadzokhid"]
[Result "0-1"]
[WhiteElo "2751"]
[BlackElo "2465"]

1.Nf3 Nf6 2.b3 d5 3.Bb2 c5 4.e3 Nc6 5.Bb5 Bd7 6.O-O e6 7.d4 cxd4 8.exd4 Bd6
9.Bd3 O-O 10.c4 Rc8 11.Nc3 a6 12.Re1 Re8 13.c5 Bb8 14.Na4 Bc7 15.a3 Ne4 16.Bxe4 dxe4
17.Rxe4 Ne7 18.Nc3 Bc6 19.Re1 Nf5 20.Ne4 Qd5 21.Qc2 Rcd8 22.Rad1 Qd7 23.h3 Bd5
24.b4 Qc6 25.Nfd2 Bf4 26.Nc4 Nh4 27.f3 f5 28.Ned2 Qc7 29.Ne5 Qe7 30.Nf1 Qg5
31.Kh1 Bxe5 32.Rxe5 Nxf3 33.Rxd5 exd5 34.gxf3 Re6 35.Bc1 Qh5 36.Nh2 Rde8
37.Qg2 Re1+ 38.Rxe1 Rxe1+ 39.Nf1 Rxc1 40.f4 Qd1 41.Qxd5+ Kf8 42.Qd8+ Kf7
43.Qd7+ Kf8 44.Qc8+ Ke7 45.Qxb7+ Kf6 46.Qxa6+ Kf7 47.Qb7+ Kg6 48.Qc6+ Kh5
49.Kh2 Rc2+  0-1

[Event "Chessable Masters Play-In"]
[Site "chess.com INT"]
[Date "2025.02.17"]
[Round "6"]
[White "Vokhidov,Shamsiddin"]
[Black "Wei Yi"]
[Result "1/2-1/2"]
[WhiteElo "2670"]
[BlackElo "2755"]

1.e4 e5 2.Nf3 Nc6 3.Bb5 Nf6 4.d3 d6 5.Nc3 Bd7 6.d4 exd4 7.Nxd4 Be7 8.Nxc6 Bxc6
9.Bxc6+ bxc6 10.O-O O-O 11.f4 Nd7 12.Be3 Bf6 13.Bd4 Re8 14.Qd2 Rb8 15.b3 Bxd4+
16.Qxd4 c5 17.Qd2 Rb4 18.Rad1 Rd4 19.Qf2 Rxd1 20.Rxd1 Qe7 21.Nd5 Qd8 22.Qf3 h6
23.h3 Nb6 24.e5 Qb8 25.exd6 cxd6 26.Ne3 Qc7 27.Nf5 Re6 28.c4 Rf6 29.Qd3 d5
30.cxd5 Qxf4 31.Rf1 Qe5 32.d6 Nd7 33.Ne7+ Kf8 34.Rxf6 Nxf6 35.Nc6 Qe1+ 36.Kh2 Qe8
37.Nxa7 Qe5+ 38.Qg3 Qd5 39.Nb5 Ne4 40.Nc3 Nxc3 41.Qxc3 Qxd6+ 42.Qg3 Qd4 43.a4 g5
44.a5 Kg7 45.a6 Qa1 46.Qd6 Kh7 47.Qc7 Qxa6 48.Qxf7+ Kh8 49.Qf8+ Kh7 50.Qxc5 Qb7
51.b4 Qb8+ 52.Kh1 Qf4 53.Qe7+ Kg6 54.Qe6+ Kg7 55.Qd7+ Kg6 56.Qc6+ Kg7 57.Qc3+ Kg6
58.Qc2+ Kg7 59.Qb2+ Kg6 60.Qb1+ Kg7 61.b5 g4 62.b6 gxh3 63.Qb2+ Kf7 64.gxh3 Qf1+
65.Kh2 Qf4+ 66.Kg2 Qe4+ 67.Kg3 Qe3+ 68.Kg2 Qe4+ 69.Kf2 Qf4+ 70.Ke1 Qe4+ 71.Kd1 Qh1+
72.Kc2 Qc6+ 73.Kd3 Qf3+ 74.Kc2 Qc6+ 75.Kb1 Qe4+ 76.Ka2 Qa4+ 77.Qa3 Qc2+ 78.Ka1 Qd1+
79.Ka2 Qe2+ 80.Qb2 Qa6+ 81.Kb1 Qd3+ 82.Kc1 Qf1+ 83.Kc2 Qe2+ 84.Kc3 Qe5+ 85.Kb3 Qb5+
86.Kc2 Qe2+ 87.Kc1 Qf1+ 88.Kc2 Qg2+ 89.Kb1 Qe4+ 90.Ka2 Qa4+ 91.Qa3 Qc2+ 92.Qb2 Qa4+  1/2-1/2

[Event "Chessable Masters Play-In"]
[Site "chess.com INT"]
[Date "2025.02.17"]
[Round "7"]
[White "Wei Yi"]
[Black "Sjugirov,S"]
[Result "1-0"]
[WhiteElo "2755"]
[BlackElo "2643"]

1.Nf3 d5 2.e3 Nf6 3.c4 c6 4.Nc3 e6 5.b3 Bd6 6.Bb2 O-O 7.h3 a6 8.g4 b5 9.g5 Ne4
10.Rg1 Nd7 11.Qc2 f5 12.gxf6 Nexf6 13.Ng5 Qe7 14.Bd3 h6 15.Nh7 Rf7 16.f4 Bb7
17.Ne2 e5 18.Nxf6+ Nxf6 19.Bg6 Rff8 20.Ng3 Bc8 21.c5 Bc7 22.O-O-O Bd7 23.Rde1 Kh8
24.Bf5 Be8 25.Kb1 a5 26.a3 Ra7 27.Bg6 Bd7 28.Ref1 b4 29.a4 Bb8 30.Ne2 Bxh3
31.Rf2 Bd7 32.Rh2 Bc7 33.fxe5 Bxe5 34.Nf4 Bxb2 35.Qxb2 Kg8 36.Bc2 Ng4 37.Rhg2 Qg5
38.Qd4 h5 39.Rh1 Be8 40.Qd3 g6 41.Ne6 Qe7 42.Nxf8 Qxf8 43.Qd4 Rf7 44.Ka2 Rf1
45.Rgg1 Rxg1 46.Rxg1 Qf2 47.Rc1 h4 48.Qxg4  1-0

[Event "Chessable Masters Play-In"]
[Site "chess.com INT"]
[Date "2025.02.17"]
[Round "8"]
[White "Duda,J"]
[Black "Wei Yi"]
[Result "1/2-1/2"]
[WhiteElo "2739"]
[BlackElo "2755"]

1.e4 e5 2.Nf3 Nc6 3.Bb5 Nf6 4.O-O Nxe4 5.Re1 Nd6 6.Nxe5 Be7 7.Bf1 Nxe5 8.Rxe5 O-O
9.Nc3 Ne8 10.Nd5 Bd6 11.Re1 c6 12.Ne3 Be7 13.c4 Nc7 14.d4 d5 15.cxd5 Nxd5
16.Nxd5 cxd5 17.Qb3 Bf6 18.Be3 Qd6 19.Rac1 Be6 20.g3 Qd7 21.Rc5 Rfc8 22.Rec1 Rxc5
23.Rxc5 b6 24.Rc3 Rc8 25.h4 g6 26.a3 Kg7 27.Qc2 Rxc3 28.Qxc3 Kg8 29.Bh6 Qc8
30.Qe3 Qc7 31.Bd3 Qd6 32.Bf4 Qd8 33.Be5 h5 34.Qf4 Bxe5 35.Qxe5 Qd7 36.Kg2 Bh3+
37.Kg1 Bg4 38.Kg2 Bh3+ 39.Kg1 Bg4 40.Kg2 Bh3+  1/2-1/2